The economics of industrial organization
Αποθηκεύτηκε σε:
| Κύριος συγγραφέας: | |
|---|---|
| Μορφή: | Βιβλίο |
| Γλώσσα: | Undetermined |
| Έκδοση: |
Englewood Cliffs, N.J.
Prentice Hall
1990
|
| Θέματα: | |
| Ετικέτες: |
Προσθήκη ετικέτας
Δεν υπάρχουν, Καταχωρήστε ετικέτα πρώτοι!
|
| Thư viện lưu trữ: | Trung tâm Học liệu Trường Đại học Cần Thơ |
|---|
| LEADER | 00527nam a2200181Ia 4500 | ||
|---|---|---|---|
| 001 | CTU_89146 | ||
| 008 | 210402s9999 xx 000 0 und d | ||
| 082 | |a 338.6 | ||
| 082 | |b S548 | ||
| 100 | |a Shepherd, William G. | ||
| 245 | 4 | |a The economics of industrial organization | |
| 245 | 0 | |c William G. Shepherd | |
| 260 | |a Englewood Cliffs, N.J. | ||
| 260 | |b Prentice Hall | ||
| 260 | |c 1990 | ||
| 650 | |a Industrial organization (economic theory) | ||
| 904 | |i Năm | ||
| 980 | |a Trung tâm Học liệu Trường Đại học Cần Thơ | ||